[Event "NATO-ch 09th"]
[Site "Portsmouth"]
[Date "1998.10.06"]
[Round "3"]
[White "Schunke, Nico"]
[Black "Baudin, Frederic"]
[Result "1/2-1/2"]
[WhiteElo "2035"]
[BlackElo "2205"]
[PlyCount "37"]
[EventDate "1998.10.??"]
[EventType "swiss"]
[EventRounds "7"]
[EventCountry "ENG"]
[SourceTitle "EXT 2014"]
[Source "ChessBase"]
[SourceDate "2013.11.20"]
[SourceVersion "1"]
[SourceVersionDate "2013.11.20"]
[SourceQuality "1"]

1. d4 d5 2. Nf3 Nf6 3. c4 dxc4 4. Nc3 a6 5. a4 Nc6 6. e3 Na5 7. Ne5 c5 8. Bxc4 Nxc4 9. Nxc4 e6 10. 0-0 Be7 11. a5 0-0 12. Qf3 Qc7 13. Nb6 Rb8 14. d5 Bd6 15. h3 exd5 16. Ncxd5 Nxd5 17. Nxd5 Qc6 18. e4 Be6 19. Bd2 1/2-1/2